000 00393nam a2200157Ia 4500
008 210210b1976 xxu||||| |||| 00| 0 eng d
082 _a540 SIEC
100 _aSIENKO (Michell J) & PLANE (Robert A).
245 _aChemistry. Ed 5.
250 _a
260 _aN D
_bMcGraw Hill Kogakusha Ltd.,
_c1976
300 _aix,624
650 _aChemistry
690 _aChemistry
906 _aCC00213
999 _c109158
_d109158